| 000 | 00874nam a22002057a 4500 | ||
|---|---|---|---|
| 003 | OSt | ||
| 005 | 20250320093647.0 | ||
| 008 | 240903b ||||| |||| 00| 0 eng d | ||
| 040 | _c0 | ||
| 082 | _aDPer 808.042 C686 June 2019 - February 2020, v. 70-71, n. 1-4. | ||
| 100 |
_aJackson, Karen Keaton. _eauthor. _959977 |
||
| 245 |
_aWe belong in the discussion : _bincluding HBCUs in conversations about race and writing / _cKaren Keaton Jackson, Hope Jackson, and Dawn N. Hicks Tafari. |
||
| 260 |
_aUSA ; _bNational Council of Teachers of English, _cDecember 2019. |
||
| 300 | _avolume 71, pages 184-214. | ||
| 500 | _aCollege Composition & Communication, v. 71 n. 2, pages 184-214, December 2019. | ||
| 700 |
_aJackson, Karen Keaton. _eauthor. _959977 |
||
| 700 |
_aJackson, Hope. _eauthor. _959978 |
||
| 700 |
_aTafari, Dawn N. Hicks. _eauthor. _959979 |
||
| 942 |
_2ddc _cPER |
||
| 999 |
_c21245 _d21245 |
||